000 01546nam a2200373 a 4500
001 ebr10575474
003 CaPaEBR
006 m u
007 cr cn|||||||||
008 841009s1983 enka sb 101 0 eng d
020 _z0272797480
020 _z9780470664193
020 _z9780470718520 (e-book)
040 _aCaPaEBR
_cCaPaEBR
035 _a(OCoLC)264621162
050 1 4 _aQP772.T6
_bS96 1983eb
082 0 4 _a574.19/26
_219
111 2 _aSymposium on Biology of Vitamin E
_d(1983 :
_cCiba Foundation)
245 1 0 _aBiology of vitamin E
_h[electronic resource].
260 _aLondon :
_bPitman ;
_aNewark, N.J. :
_bDistributed in North America by CIBA Pharmaceutical Co. (Medical Education Division),
_c1983.
300 _aix, 260 p. :
_bill.
490 1 _aCiba Foundation symposium ;
_v101
500 _a"Editors: Ruth Porter (organizer) and Julie Whelan"--P. v.
504 _aIncludes bibliographical references and indexes.
533 _aElectronic reproduction.
_bPalo Alto, Calif. :
_cebrary,
_d2013.
_nAvailable via World Wide Web.
_nAccess may be limited to ebrary affiliated libraries.
650 0 _aVitamin E
_xPhysiological effect
_vCongresses.
650 0 _aVitamin E
_xTherapeutic use
_vCongresses.
655 7 _aElectronic books.
_2local
700 1 _aPorter, Ruth.
700 1 _aWhelan, Julie.
710 2 _aebrary, Inc.
830 0 _aCiba Foundation symposium ;
_v101.
856 4 0 _uhttp://site.ebrary.com/lib/rucke/Doc?id=10575474
_zAn electronic book accessible through the World Wide Web; click to view
999 _c78134
_d78134